000 00653nam a22001697a 4500
999 _c60488
_d60488
005 20230807161843.0
008 230804s1985 gw ||||| |||| 00| 0 ger d
080 _a902 B-93
100 _aBülow, Gerda von
_919608
245 _aSchätze aus Thrakien /
_cGerda von Bülow ; Aufnahmen Wolfgang G. Schröter
264 _aLeipzig :
_b Edition Leipzig,
_c1985.
300 _a145 p. :
_bill.
_c23 cm.
440 _aKulturgeschichtliche Miniaturen
_919609
521 _aინდექსები: გვ. 144-145. ბიბლიოგრაფია: გვ. 142-143.
700 _aSchröter, Wolfgang G.
_eავტორი
_919610
942 _2udc
_cBK